000 00646nam a2200265Ia 4500
005 20260121165213.0
008 008 260114s9999 xx 000 0 eng d
020 _a9783319595634
037 _aEBOOK
040 _aCRL
040 _beng
040 _cCRL
041 _2eng
041 _aeng
084 _qCRL
100 _aMarko Stoji?
_91048791
245 0 _aParty Responses to the EU in the Western Balkans
260 _bSpringer
260 _bSpringer
260 _c2018
856 _uhttps://link.springer.com/openurl?genre=book&isbn=978-3-319-59563-4
942 _cEBOOK
999 _c1614516
_d1614516